{"text_format":"2","workbook":"xlsx","n_sheets":5,"sheets":["CISTERNAS PB","B.D.I SERVIÇOS (SEM DES.)","B.D.I MATERIAIS (SEM DES.)","COMPOSIÇÕES","Cronograma Físico-Financeiro"],"not_rendered":{"charts":0,"images":2,"macros":0,"external_links":1,"defined_names":4588,"comments":1,"pivot_tables":0},"unopened":[],"bounds":{"document_bytes":16777216,"sheet_cells":100000,"run_cost":"one","rows_first":2000,"rows_last":500,"rows_between":2000,"halvings":0,"cell_chars":16384,"cell_head_chars":4096},"cells_cut":0,"cells_raw":0,"read":"whole","date_system":"1900"}

{"sheet":"CISTERNAS PB","index":0,"n_rows":62,"n_cols":11,"rows_kept":62,"cut":false,"hidden":false,"merged":[[0,1,0,10],[1,1,1,10],[2,1,2,10],[3,1,3,6],[3,7,3,10],[4,1,4,6],[4,7,4,8],[4,9,4,10],[5,1,5,6],[5,7,5,8],[5,9,5,10],[6,1,6,6],[6,7,6,8],[6,9,6,10],[7,1,7,6],[7,7,7,8],[7,9,7,10]]}
[null,"                                          MINISTÉRIO DO DESENVOLVIMENTO REGIONAL - MDR"]
[null,"                                          COMPANHIA DE DESENVOLVIMENTO DOS VALES DO SÃO FRANCISCO E DO PARNAÍBA"]
[null,"                                          ÁREA DE REVITALIZAÇÃO E SUSTENTABILIDADE SOCIOAMBIENTAL"]
[{"$nulls":7},"BASES DE REFERÊNCIA.: SINAPI / ORSE / DNIT"]
[{"$nulls":7},"BASE",null,"AGOSTO / 2022"]
["OBJETO:","TRANSPORTE E INSTALAÇÃO DE CISTERNAS PARA CAPTAÇÃO DA ÁGUA DA CHUVA – PARAÍBA",{"$nulls":5},"BDI SERVIÇOS",null,{"$f":"'B.D.I SERVIÇOS (SEM DES.)'!F31/100","v":0.2545}]
[{"$nulls":7},"BDI MATERIAIS",null,{"$f":"'B.D.I MATERIAIS (SEM DES.)'!F31/100","v":0.111}]
[null,"PLANILHA ORÇAMENTÁRIA",{"$nulls":5},"QTD DE CISTERNAS",null,1700]
[]
["ITEM","ESPECIFICAÇÃO DOS SERVIÇOS","BASE","CÓDIGO","UND","QUANTIDADE ESTIMADA / CISTERNA","QUANTIDADE TOTAL","VALOR\nUNIT.\nS/BDI (R$)","VALOR\nUNIT.\nC/BDI (R$)","VALOR\nTOTAL (R$)","VALOR (R$)\n/ CISTERNA "]
[]
["01","SERVIÇOS",null,null,null," ",null," ",null,{"$f":"SUBTOTAL(9,J13:J38)","v":4177797.76},{"$f":"J12/$J$8","v":2457.528094117647}]
[null,"                                                                                                                                                                                                        ",null,null,null," ",null," ",null," "]
["01.01","SERVIÇOS PRELIMINARES E CANTEIRO DE OBRAS",null,null,null," ",null," ",null,{"$f":"SUBTOTAL(9,J15:J18)","v":487839.30000000005},{"$f":"J14/$J$8","v":286.96429411764711}]
["01.01.01","Mobilização e desmobilização de pessoal e equipamentos","Composição","CPU0001","un",null,1,17031.46,{"$f":"ROUND(H15+H15*$J$6,2)","v":21365.97},{"$f":"ROUND(ROUND(G15,2)*ROUND(I15,2),2)","v":21365.97}]
["01.01.02","Instalação de canteiro de obras (locação de imóvel)","Composição","CPU0002","un",null,1,37139.479999999996,{"$f":"ROUND(H16+H16*$J$6,2)","v":46591.48},{"$f":"ROUND(ROUND(G16,2)*ROUND(I16,2),2)","v":46591.48}]
["01.01.03","Administração local e manutenção do canteiro de obras","Composição","CPU0003","un",null,1,261095.61000000002,{"$f":"ROUND(H17+H17*$J$6,2)","v":327544.44},{"$f":"ROUND(ROUND(G17,2)*ROUND(I17,2),2)","v":327544.44}]
["01.01.04","Placa de obra em chapa de aço galvanizado (01 placa de 3,60 x 1,80m por município)","Composição","CPU0004","m2",null,129.6,567.94000000000005,{"$f":"ROUND(H18+H18*$J$6,2)","v":712.48},{"$f":"ROUND(ROUND(G18,2)*ROUND(I18,2),2)","v":92337.41}]
[null,"                                                                                                                                                                                                        ","              ","              ",null," ",null,null,null," "]
["01.02","INSTALAÇÃO DAS CISTERNAS","              ","              ",null," ",null,null,null,{"$f":"SUBTOTAL(9,J21:J25)","v":1839105.56},{"$f":"J20/$J$8","v":1081.8268}]
["01.02.01","Escavação manual do buraco para instalação da cisterna (Prof. = 80 cm)","Sinapi Ser",93358,"m3",7.7,13090,"68,67",{"$f":"ROUND(H21+H21*$J$6,2)","v":86.15},{"$f":"ROUND(ROUND(G21,2)*ROUND(I21,2),2)","v":1127703.5}]
["01.02.02","Regularização do fundo da escavação com solo-cimento (traço 1:20 - esp=10cm), inclusive preparação do solo-cimento com aproveitamento do material escavado peneirado","Composição","CPU0005","m3",0.96,1632,246.59,{"$f":"ROUND(H22+H22*$J$6,2)","v":309.35000000000002},{"$f":"ROUND(ROUND(G22,2)*ROUND(I22,2),2)","v":504859.2}]
["01.02.03","Reaterro das laterais da cisterna, compactado manualmente, com aproveitamento do material escavado                            ","Sinapi Ser",96995,"m3",1,1700,"41,63",{"$f":"ROUND(H23+H23*$J$6,2)","v":52.22},{"$f":"ROUND(ROUND(G23,2)*ROUND(I23,2),2)","v":88774}]
["01.02.04","Reaterro das laterais da cisterna, compactado manualmente, com material de empréstimo","Composição","CPU0006","m3",0.11,187,200.03,{"$f":"ROUND(H24+H24*$J$6,2)","v":250.94},{"$f":"ROUND(ROUND(G24,2)*ROUND(I24,2),2)","v":46925.78}]
["01.02.05","Espalhamento do material escavado não utilizado","Composição","CPU0007","m3",5.74,9758,5.79,{"$f":"ROUND(H25+H25*$J$6,2)","v":7.26},{"$f":"ROUND(ROUND(G25,2)*ROUND(I25,2),2)","v":70843.08}]
[null,"                                                                                                                                                                                                        ","              ","              ",null," ",null,null,null," "]
["01.03","SERVIÇOS COMPLEMENTARES                                                                                                                                                                                 ","              ","              ",null," ",null,null,null,{"$f":"SUBTOTAL(9,J28:J32)","v":1650224},{"$f":"J27/$J$8","v":970.72}]
["01.03.01","Assentamento de tubos e conexões (inclusive filtro separador de folhas)","Composição","CPU0008","m",15,25500,4.16,{"$f":"ROUND(H28+H28*$J$6,2)","v":5.22},{"$f":"ROUND(ROUND(G28,2)*ROUND(I28,2),2)","v":133110}]
["01.03.02","Confecção e assentamento de calha em chapa de aço galvanizado nº 26, desenvolvimento de 30 cm, fixada na estrutura de madeira do telhado, incluso transporte vertical e material para confecção da calha","Composição","CPU0009","m",16,27200,41.410000000000004,{"$f":"ROUND(H29+H29*$J$6,2)","v":51.95},{"$f":"ROUND(ROUND(G29,2)*ROUND(I29,2),2)","v":1413040}]
["01.03.03","Instalação da bomba manual, inclusive conjunto de sucção flutuante","Composição","CPU0010","un",1,1700,12.15,{"$f":"ROUND(H30+H30*$J$6,2)","v":15.24},{"$f":"ROUND(ROUND(G30,2)*ROUND(I30,2),2)","v":25908}]
["01.03.04","Pintura do logotipo da Codevasf no corpo da cisterna","Composição","CPU0011","un",1,1700,6.36,{"$f":"ROUND(H31+H31*$J$7,2)","v":7.07},{"$f":"ROUND(ROUND(G31,2)*ROUND(I31,2),2)","v":12019}]
["01.03.05","Bloco de ancoragem do tubo de descarga da calha (25x30x25cm) em concreto armado","Composição","CPU0012","un",1,1700,31.02,{"$f":"ROUND(H32+H32*$J$6,2)","v":38.909999999999997},{"$f":"ROUND(ROUND(G32,2)*ROUND(I32,2),2)","v":66147}]
[null,"                                                                                                                                                                                                        ","              ","              ",null," ",null,null,null," "]
["01.04","TRANSPORTE DAS CISTERNAS                                                                                                                                                                                ","              ","              ",null," ",null,null,null,{"$f":"SUBTOTAL(9,J35:J37)","v":200628.9},{"$f":"J34/$J$8","v":118.017}]
["01.04.01","Transporte comercial do local de armazenamento ao município de instalação em rodovia pavimentada","Composição","CPU0013","unxkm",35.85,60945,1.69,{"$f":"ROUND(H35+H35*$J$6,2)","v":2.12},{"$f":"ROUND(ROUND(G35,2)*ROUND(I35,2),2)","v":129203.4}]
["01.04.02","Transporte comercial com caminhão carroceria 9 t, rodovia pavimentada, no município de instalação","Composição","CPU0014","unxkm",1.5,2550,4.0599999999999996,{"$f":"ROUND(H36+H36*$J$6,2)","v":5.09},{"$f":"ROUND(ROUND(G36,2)*ROUND(I36,2),2)","v":12979.5}]
["01.04.03","Transporte comercial com caminhão carroceria 9 t, rodovia em leito natural, no município de instalação","Composição","CPU0015","unxkm",4.5,7650,6.09,{"$f":"ROUND(H37+H37*$J$6,2)","v":7.64},{"$f":"ROUND(ROUND(G37,2)*ROUND(I37,2),2)","v":58446}]
[null,"                                                                                                                                                                                                        ",null,null,null," ",null," ",null," "]
["02","FORNECIMENTO DE MATERIAIS",null,null,null," ",null," ",null,{"$f":"SUBTOTAL(9,J40:J61)","v":18801289.240000002},{"$f":"J39/$J$8","v":11059.581905882354}]
[]
["02.01","MATERIAIS PARA INSTALAÇÃO DAS CISTERNAS",{"$nulls":7},{"$f":"SUBTOTAL(9,J42)","v":16998300},{"$f":"J41/$J$8","v":9999}]
["02.01.01","Cisterna de polietileno 16.000l, com extravasor acoplado                                                                                                                                                            ","Cotação","COT-0001","un",1,1700,9000,{"$f":"ROUND(H42+H42*$J$7,2)","v":9999},{"$f":"ROUND(ROUND(G42,2)*ROUND(I42,2),2)","v":16998300}]
[]
["02.02","MATERIAIS PARA INSTALAÇÃO DAS CISTERNAS (SERVIÇOS COMPLEMENTARES)",{"$nulls":7},{"$f":"SUBTOTAL(9,J45:J60)","v":1802989.2400000002},{"$f":"J44/$J$8","v":1060.5819058823531}]
["02.02.01","Placa de aluminio anodizado para numeração das cisternas","Cotação","COT-0002","un",1,1700,1.656666666666667,{"$f":"ROUND(H45+H45*$J$7,2)","v":1.84},{"$f":"ROUND(ROUND(G45,2)*ROUND(I45,2),2)","v":3128}]
["02.02.02","Bomba dágua de membrana angular manual, produzida em plástico de engenharia atóxico, resistente a exposição prolongada ao sol","Cotação","COT-0003","un",1,1700,215.88499999999999,239.85,407745]
["02.02.03","Conjunto de sucção flutuante composta de: boia 15cm com argolas de fixação, abraçadeira 1\", mangueira 1\" pvc com reforço silicone espiralada (3,5m) e válvula de pé com crivo em pvc 1”","Cotação","COT-0008","un",1,1700,119.605,132.88,225896]
["02.02.04","Filtro separador de folhas e detritos","Cotação","COT-0004","un",1,1700,80.95,89.94,152898]
["02.02.05","Grelha hemisférica pvc flexível 88mm x 100 mm","Cotação","COT-0005","un",0.15,255,27.99,31.1,7930.5]
["02.02.06","Fita metalica perfurada, l = *18* mm, rolo de 30 m, carga recomendada = *30* kgf","Sinapi Ins",14153,"un",0.02,34,"55,49",61.65,2096.1]
["02.02.07","Bucha de nylon, diametro do furo 8 mm, comprimento 40 mm, com parafuso de rosca soberba, cabeca chata, fenda simples, 4,8 x 50 mm","Sinapi Ins",4350,"un",4,6800,"0,65",0.72,4896]
["02.02.08","Tubo de pvc para esgoto predial dn 100mm ","Sinapi Ins",9836,"m",15,25500,"16,67",18.52,472260]
["02.02.09","Tê sanitário pvc para esgoto predial dn 100mm","Sinapi Ins",7091,"un",2,3400,"18,20",20.22,68748]
["02.02.10","Joelho pvc sold. 90g pb p/esgoto predial dn 100mm","Sinapi Ins",3520,"un",7,11900,"9,48",10.53,125307]
["02.02.11","Luva simples pvc p/esg. predial dn 100mm","Sinapi Ins",3899,"un",6,10200,"7,22",8.02,81804]
["02.02.12","Cap pvc, soldavel, dn 100 mm, serie normal, para esgoto predial","Sinapi Ins",1200,"un",1,1700,"10,30",11.44,19448]
["02.02.13","Haste metalica para fixação de calha pluvial, zincada, dobrada 90 graus","Sinapi Ins",11033,"un",7,11900,"8,01",8.9,105910]
["02.02.14","Parafuso zincado, sextavado, com rosca soberba, diâmetro 5/16\", comprimento 40mm","Sinapi Ins",11948,"un",21,35700,"0,68",0.76,27132]
["02.02.15","Perfil aço em T, abas iguais  - 1\" x 1/8\" (1,18 kg/m)","Orse Ins",13936,"kg",4.5312000000000001,7703.04,10.37,11.52,88739.02]
["02.02.16","Arame galvanizado 18 bwg, d = 1,24MM (0,009 KG/M)","Sinapi Ins",345,"kg",0.11200000000000002,190.40000000000003,"42,79",47.54,9051.6200000000008]
[]
[null,"VALOR TOTAL DA PLANILHA",{"$nulls":7},{"$f":"SUBTOTAL(9,J12:J61)","v":22979087},{"$f":"ROUND(J62/$J$8,2)","v":13517.11}]

{"sheet":"B.D.I SERVIÇOS (SEM DES.)","index":1,"n_rows":34,"n_cols":6,"rows_kept":34,"cut":false,"hidden":false,"merged":[[30,2,30,4],[34,2,35,7],[3,0,3,7],[4,0,4,7],[5,0,5,7],[7,0,7,7]]}
[]
[]
[]
["Ministério do Desenvolvimento Regional"]
["Companhia de Desenvolvimento do Vale do São Francisco e Parnaíba"]
["Codevasf/Sede"]
[]
["DETALHAMENTO DO BDI - SERVIÇOS - PB"]
[]
[]
[]
[null,null,"Item","Descrição","Preço de Venda (%)","Custo Direto (%)"]
[]
[null,null,1,"Administração Central (A)",null,0.04]
[]
[null,null,2,"Impostos e Taxas (I)",null,{"$f":"E17+E18+E19+E20","v":8.6499999999999994E-2}]
[null,null,"2.1","ISS",0.05]
[null,null,"2.2","PIS",6.4999999999999997E-3]
[null,null,"2.3","Cofins",0.03]
[null,null,"2.4","CPRB (INSS)",0]
[]
[null,null,"3","Risco, seguro e garantia (R) ",null,{"$f":"E23+E24+E25","v":1.6E-2}]
[null,null,"3.1","Risco",1.2E-2]
[null,null,"3.2","Seguro + garantia",4.0000000000000001E-3]
[]
[]
[null,null,4,"Despesas Financeiras (DF)",null,9.4999999999999998E-3]
[]
[null,null,5,"Lucro (L)",null,7.4999999999999997E-2]
[]
[null,null,"BDI* (%):",null,null,{"$f":"ROUND(((((1+(F14+F22))*(1+F27)*(1+F29)/(1-F16))-1)*100),2)","v":25.45}]
[]
[null,"Considerações:","Acórdão nº 2622/2013 - TCU /Plenário"]
[null,null,"(*) BDI (%) = (((1+(AC+S+R+G))*(1+DF)*(1+L)/(1-I))-1)*100"]

{"sheet":"B.D.I MATERIAIS (SEM DES.)","index":2,"n_rows":34,"n_cols":6,"rows_kept":34,"cut":false,"hidden":false,"merged":[[30,2,30,4],[34,2,35,7],[3,0,3,7],[4,0,4,7],[5,0,5,7],[7,0,7,7]]}
[]
[]
[]
["Ministério do Desenvolvimento Regional"]
["Companhia de Desenvolvimento do Vale do São Francisco e Parnaíba"]
["Codevasf/Sede"]
[]
["DETALHAMENTO DO BDI - FORNECIMENTO DE MATERIAIS - PB"]
[]
[]
[]
[null,null,"Item","Descrição","Preço de Venda (%)","Custo Direto (%)"]
[]
[null,null,1,"Administração Central (A)",null,1.5900000000000001E-2]
[]
[null,null,2,"Impostos e Taxas (I)",null,{"$f":"E17+E18+E19+E20","v":3.6499999999999998E-2}]
[null,null,"2.1","ISS",0]
[null,null,"2.2","PIS",6.4999999999999997E-3]
[null,null,"2.3","Cofins",0.03]
[null,null,"2.4","CPRB (INSS)",0]
[]
[null,null,"3","Risco, seguro e garantia (R) ",null,{"$f":"E23+E24+E25","v":8.6E-3}]
[null,null,"3.1","Risco",5.5999999999999999E-3]
[null,null,"3.2","Seguro + garantia",3.0000000000000001E-3]
[]
[]
[null,null,4,"Despesas Financeiras (DF)",null,8.5000000000000006E-3]
[]
[null,null,5,"Lucro (L)",null,3.5999999999999997E-2]
[]
[null,null,"BDI* (%):",null,null,{"$f":"ROUND(((((1+(F14+F22))*(1+F27)*(1+F29)/(1-F16))-1)*100),2)","v":11.1}]
[]
[null,"Considerações:","Acórdão nº 2622/2013 - TCU /Plenário"]
[null,null,"(*) BDI (%) = (((1+(AC+S+R+G))*(1+DF)*(1+L)/(1-I))-1)*100"]

{"sheet":"COMPOSIÇÕES","index":3,"n_rows":97,"n_cols":8,"rows_kept":97,"cut":false,"hidden":false,"merged":[[0,1,0,7],[1,1,1,7],[2,1,2,7]]}
[null,"MINISTÉRIO DO DESENVOLVIMENTO REGIONAL - MDR"]
[null,"COMPANHIA DE DESENVOLVIMENTO DOS VALES DO SÃO FRANCISCO E DO PARNAÍBA"]
[null,"ÁREA DE REVITALIZAÇÃO E SUSTENTABILIDADE SOCIOAMBIENTAL"]
[]
["OBJETO:","TRANSPORTE E INSTALAÇÃO DE CISTERNAS PARA CAPTAÇÃO DA ÁGUA DA CHUVA – PARAÍBA"]
[]
["COMPOSICÕES DE CUSTOS UNITÁRIOS DE SERVICOS"]
[]
["ITEM","Fonte","Código","DESCRIÇÃO","Unidade","Quantidade","Preço unitário","Preço total"]
[]
["01.01.01",null,"CPU0001","MOBILIZAÇÃO E DESMOBILIZAÇÃO DE PESSOAL E EQUIPAMENTOS","UN    ",null,null,{"$f":"H14","v":17031.46}]
[null,"Sinapi Ser",73467,"CAMINHÃO TOCO, PBT 14.300 KG, CARGA ÚTIL MÁX. 9.710 KG, DIST. ENTRE EIXOS 3,56 M, POTÊNCIA 185 CV, INCLUSIVE CARROCERIA FIXA ABERTA DE MADEI  RA P/ TRANSPORTE GERAL DE CARGA SECA, DIMEN. APROX. 2,50 X 6,50 X 0,50  M - CHP DIURNO. AF_06/2014","CHP   ",84.335049999999995,"167,23",{"$f":"ROUND(F12*G12,2)","v":14103.35}]
[null,"Sinapi Ser",88316,"SERVENTE COM ENCARGOS COMPLEMENTARES                                                                                                                                                                    ","H     ",168.67009999999999,"17,36",{"$f":"ROUND(F13*G13,2)","v":2928.11}]
[null,null,"01.01.01","Custo Direto Total",null,null,null,{"$f":"SUM(H12:H13)","v":17031.46}]
[]
["01.01.02",null,"CPU0002","INSTALAÇÃO DE CANTEIRO DE OBRAS (LOCAÇÃO DE IMÓVEL)","UN",null,null,{"$f":"H19","v":37139.479999999996}]
[null,"DNIT","B8951","Imóvel comercial","m2xmês",700,43.25,{"$f":"ROUND(F17*G17,2)","v":30275}]
[null,"DNIT","B8959","Custos diversos","ocupantexmês",56,122.58,{"$f":"ROUND(F18*G18,2)","v":6864.48}]
[null,null,"01.01.02","Custo Direto Total",null,null,null,{"$f":"SUM(H17:H18)","v":37139.479999999996}]
[]
["01.01.03",null,"CPU0003","ADMINISTRAÇÃO LOCAL E MANUTENÇÃO DO CANTEIRO DE OBRAS","UN",null,null,{"$f":"H27","v":261095.61000000002}]
[null,"Cotação","COT-0009","Veículo leve - 53 kW (sem motorista)","mês",7,2516.7600000000002,{"$f":"ROUND(F22*G22,2)","v":17617.32}]
[null,"Cotação","COT-0011","Veículo picape 4x4 (sem motorista)","mês",7,8081.5834285714282,{"$f":"ROUND(F23*G23,2)","v":56571.08}]
[null,"Sinapi Ser",100319,"ENGENHEIRO CIVIL JUNIOR COM ENCARGOS COMPLEMENTARES                                                                                                                                          ","mês",7,"18.426,22",{"$f":"ROUND(F24*G24,2)","v":128983.54}]
[null,"Sinapi Ser",100321,"TÉCNICO EM SEGURANÇA DO TRABALHO COM ENCARGOS COMPLEMENTARES                                                                                                                                            ","mês",7,"4.587,76",{"$f":"ROUND(F25*G25,2)","v":32114.32}]
[null,"Sinapi Ser",93572,"ENCARREGADO GERAL DE OBRAS COM ENCARGOS COMPLEMENTARES                                                                                                                                                  ","mês",7,"3.687,05",{"$f":"ROUND(F26*G26,2)","v":25809.35}]
[null,null,"01.01.03","Custo Direto Total",null,null,null,{"$f":"SUM(H22:H26)","v":261095.61000000002}]
[]
["01.01.04",null,"CPU0004","PLACA DE OBRA EM CHAPA DE AÇO GALVANIZADO","M2    ",null,null,{"$f":"H37","v":567.94000000000005}]
[null,"Sinapi Ins",4417,"SARRAFO DE MADEIRA NAO APARELHADA *2.5 X 7* CM. MACARANDUBA. ANGELIM OU EQUIVALENTE DA REGIAO                                                                                                           ","M     ",1,"5,71",{"$f":"ROUND(F30*G30,2)","v":5.71}]
[null,"Sinapi Ins",4491,"PONTALETE DE MADEIRA NAO APARELHADA *7.5 X 7.5* CM (3 X 3 \") PINUS. MISTA OU EQUIVALENTE DA REGIAO                                                                                                      ","M     ",4,"13,61",54.44]
[null,"Sinapi Ins",4813,"PLACA DE OBRA (PARA CONSTRUCAO CIVIL) EM CHAPA GALVANIZADA *N. 22*. ADESIVADA. DE *2.0 X 1.125* M                                                                                                       ","M2    ",1,"445,00",445]
[null,"Sinapi Ins",5075,"PREGO DE ACO POLIDO COM CABECA 18 X 30 (2 3/4 X 10)                                                                                                                                                     ","KG    ",0.11,"24,41",2.69]
[null,"Sinapi Ser",88262,"CARPINTEIRO DE FORMAS COM ENCARGOS COMPLEMENTARES                                                                                                                                                       ","H     ",1,"21,79",21.79]
[null,"Sinapi Ser",88316,"SERVENTE COM ENCARGOS COMPLEMENTARES                                                                                                                                                                    ","H     ",2,"17,36",34.72]
[null,"Sinapi Ser",94962,"CONCRETO MAGRO PARA LASTRO. TRAÇO 1:4.5:4.5 (CIMENTO/ AREIA MÉDIA/ BRITA 1)  - PREPARO MECÂNICO COM BETONEIRA 400 L. AF_07/2016                                                                         ","M3    ",0.01,"359,06",3.59]
[null,null,"01.01.05","Custo Direto Total",null,null,null,{"$f":"SUM(H30:H36)","v":567.94000000000005}]
[]
["01.02.02",null,"CPU0005","REGULARIZAÇÃO DO FUNDO DA ESCAVAÇÃO COM SOLO-CIMENTO (TRAÇO 1:20 – ESP=10CM), INCLUSIVE PREPARAÇÃO DO SOLO-CIMENTO COM APROVEITAMENTO DO MATERIAL ESCAVADO PENEIRADO","M3    ",null,null,{"$f":"H42","v":246.59}]
[null,"Sinapi Ins",1379,"CIMENTO PORTLAND COMPOSTO CP II-32                                                                                                                                                                      ","KG    ",57.12,"0,67",{"$f":"ROUND(F40*G40,2)","v":38.270000000000003}]
[null,"Sinapi Ser",88316,"SERVENTE COM ENCARGOS COMPLEMENTARES                                                                                                                                                                    ","H     ",12,"17,36",{"$f":"ROUND(F41*G41,2)","v":208.32}]
[null,null,"01.02.02","Custo Direto Total",null,null,null,{"$f":"SUM(H40:H41)","v":246.59}]
[]
["01.02.04",null,"CPU0006","REATERRO DAS LATERAIS DA CISTERNA, COMPACTADO MANUALMENTE, COM MATERIAL DE EMPRÉSTIMO","M3    ",null,null,{"$f":"H48","v":200.03}]
[null,"Sinapi Ins",370,"AREIA MEDIA - POSTO JAZIDA/FORNECEDOR (RETIRADO NA JAZIDA, SEM TRANSPORTE)","M3",1.1000000000000001,"110,00",{"$f":"ROUND(F45*G45,2)","v":121}]
[null,"Sinapi Ser",97912,"TRANSPORTE COM CAMINHÃO BASCULANTE DE 6 M3, EM VIA URBANA EM LEITO NATURAL (UNIDADE: M3XKM). AF_01/2018 (10km)","M3xKM",11,"3,40",{"$f":"ROUND(F46*G46,2)","v":37.4}]
[null,"Sinapi Ser",96995,"REATERRO MANUAL APILOADO COM SOQUETE. AF_10/2017","M3",1,"41,63",{"$f":"ROUND(F47*G47,2)","v":41.63}]
[null,null,"01.02.03","Custo Direto Total",null,null,null,{"$f":"SUM(H45:H47)","v":200.03}]
[]
["01.02.05",null,"CPU0007","ESPALHAMENTO DO MATERIAL ESCAVADO NÃO UTILIZADO PARA  ATERRO","M3    ",null,null,{"$f":"H52","v":5.79}]
[null,"Sinapi Ser",88316,"SERVENTE COM ENCARGOS COMPLEMENTARES                                                                                                                                                                    ","H     ",0.33333333333333331,"17,36",{"$f":"ROUND(F51*G51,2)","v":5.79}]
[null,null,"01.02.06","Custo Direto Total",null,null,null,{"$f":"SUM(H51)","v":5.79}]
[]
["01.03.01",null,"CPU0008","ASSENTAMENTO DE TUBOS E CONEXÕES","M     ",null,null,{"$f":"H57","v":4.16}]
[null,"Sinapi Ser",88267,"ENCANADOR OU BOMBEIRO HIDRÁULICO COM ENCARGOS COMPLEMENTARES","H     ",0.1074,"21,43",{"$f":"ROUND(F55*G55,2)","v":2.2999999999999998}]
[null,"Sinapi Ser",88316,"SERVENTE COM ENCARGOS COMPLEMENTARES                                                                                                                                                                    ","H     ",0.1074,"17,36",{"$f":"ROUND(F56*G56,2)","v":1.86}]
[null,null,"01.03.01","Custo Direto Total",null,null,null,{"$f":"SUM(H55:H56)","v":4.16}]
[]
["01.03.02",null,"CPU0009","CONFECÇÃO E ASSENTAMENTO DE CALHA EM CHAPA DE AÇO GALVANIZADO Nº 26, DESENVOLVIMENTO DE 30CM, FIXADA NA ESTRUTURA DE MADEIRA DO TELHADO, INCLUSO TRANSPORTE VERTICAL E MATERIAL PARA CONFECÇÃO DA CALHA ","M     ",null,null,{"$f":"H65","v":41.410000000000004}]
[null,"Sinapi Ins",1109,"CALHA QUADRADA DE CHAPA DE ACO GALVANIZADA NUM 26, CORTE 30 CM (SINAPI INS 1109 ADAPTADO)                                                                                                                   ","M     ",1.05,"31,99",{"$f":"ROUND(F60*G60,2)","v":33.590000000000003}]
[null,"Sinapi Ins",142,"SELANTE ELASTICO MONOCOMPONENTE A BASE DE POLIURETANO (PU) PARA JUNTAS DIVERSAS                                                                                                                         ","310ML ",3.8E-3,"43,26",{"$f":"ROUND(F61*G61,2)","v":0.16}]
[null,"Sinapi Ins",5104,"REBITE DE ALUMINIO VAZADO DE REPUXO. 3.2 X 8 MM (1KG = 1025 UNIDADES)                                                                                                                                   ","KG    ",1.1999999999999999E-3,"67,02",{"$f":"ROUND(F62*G62,2)","v":0.08}]
[null,"Sinapi Ser",88316,"SERVENTE COM ENCARGOS COMPLEMENTARES                                                                                                                                                                    ","H     ",0.25,"17,36",{"$f":"ROUND(F63*G63,2)","v":4.34}]
[null,"Sinapi Ser",88323,"TELHADISTA COM ENCARGOS COMPLEMENTARES                                                                                                                                                                  ","H     ",0.15,"21,58",{"$f":"ROUND(F64*G64,2)","v":3.24}]
[null,null,"01.03.02","Custo Direto Total",null,null,null,{"$f":"SUM(H60:H64)","v":41.410000000000004}]
[]
["01.03.03",null,"CPU0010","INSTALAÇÃO DA BOMBA MANUAL, INCLUSIVE CONJUNTO DE SUCÇÃO FLUTUANTE","UN    ",null,null,{"$f":"H69","v":12.15}]
[null,"Sinapi Ser",88316,"SERVENTE COM ENCARGOS COMPLEMENTARES                                                                                                                                                                    ","H     ",0.7,"17,36",{"$f":"ROUND(F68*G68,2)","v":12.15}]
[null,null,"01.03.03","Custo Direto Total",null,null,null,{"$f":"SUM(H68)","v":12.15}]
[]
["01.03.04",null,"CPU0011","PINTURA DO LOGOTIPO DA CODEVASF NO CORPO DA CISTERNA","UN    ",null,null,{"$f":"H74","v":6.36}]
[null,"Sinapi Ins",7304,"TINTA EPOXI BASE AGUA PREMIUM, BRANCA","L",1.0460000000000001E-2,"55,56",{"$f":"ROUND(F72*G72,2)","v":0.57999999999999996}]
[null,"Sinapi Ser",88312,"PINTOR PARA TINTA EPÓXI COM ENCARGOS COMPLEMENTARES","H     ",0.25,"23,10",{"$f":"ROUND(F73*G73,2)","v":5.78}]
[null,null,"01.03.04","Custo Direto Total",null,null,null,{"$f":"SUM(H72:H73)","v":6.36}]
[]
["01.03.05",null,"CPU0012","BLOCO DE ANCORAGEM 25 X 30 X 25CM","UN    ",null,null,{"$f":"H82","v":31.02}]
[null,"Sinapi Ser",96543,"ARMAÇÃO DE BLOCO, VIGA BALDRAME E SAPATA UTILIZANDO AÇO CA-60 DE 5 MM - MONTAGEM. AF_06/2017                                           ","KG    ",0.65575499999999998,"17,76",{"$f":"ROUND(F77*G77,2)","v":11.65}]
[null,"Sinapi Ser",94975,"CONCRETO FCK = 15MPA. TRAÇO 1:3.4:3.5 (CIMENTO/ AREIA MÉDIA/ BRITA 1)  - PREPARO MANUAL. AF_07/2016                                                                                                     ","M3    ",1.6393874999999999E-2,"442,56",{"$f":"ROUND(F78*G78,2)","v":7.26}]
[null,"Sinapi Ser",97086,"FABRICAÇÃO. MONTAGEM E DESMONTAGEM DE FORMA PARA RADIER. EM MADEIRA SERRADA. 4 UTILIZAÇÕES. AF_09/2017                                                                                                  ","M2    ",6.8750000000000006E-2,"106,31",{"$f":"ROUND(F79*G79,2)","v":7.31}]
[null,"Sinapi Ser",88309,"PEDREIRO COM ENCARGOS COMPLEMENTARES                                                                                                                                                                    ","H     ",0.1,"22,04",{"$f":"ROUND(F80*G80,2)","v":2.2000000000000002}]
[null,"Sinapi Ser",88316,"SERVENTE COM ENCARGOS COMPLEMENTARES                                                                                                                                                                    ","H     ",0.15,"17,36",{"$f":"ROUND(F81*G81,2)","v":2.6}]
[null,null,"01.03.04","Custo Direto Total",null,null,null,{"$f":"SUM(H77:H81)","v":31.02}]
[]
["01.04.01",null,"CPU0013","TRANSPORTE COMERCIAL DO LOCAL DE ARMAZENAMENTO AO MUNICÍPIO DE INSTALAÇÃO EM RODOVIA PAVIMENTADA","UNXKM ",null,null,{"$f":"H87","v":1.69}]
[null,"Sinapi Ser",91031,"CAMINHÃO TRUCADO (C/ TERCEIRO EIXO) ELETRÔNICO - POTÊNCIA 231CV - PBT = 22000KG - DIST. ENTRE EIXOS 5170 MM - INCLUI CARROCERIA FIXA ABERTA DE MADEIRA - CHP DIURNO. AF_06/2015                         ","CHP   ",5.7372346528973004E-3,"259,25",{"$f":"ROUND(F85*G85,2)","v":1.49}]
[null,"Sinapi Ser",88316,"SERVENTE COM ENCARGOS COMPLEMENTARES                                                                                                                                                                    ","H     ",1.1474469305794601E-2,"17,36",{"$f":"ROUND(F86*G86,2)","v":0.2}]
[null,null,"01.04.01","Custo Direto Total",null,null,null,{"$f":"SUM(H85:H86)","v":1.69}]
[]
["01.04.02",null,"CPU0014","TRANSPORTE COMERCIAL COM CAMINHAO CARROCERIA 9 T, RODOVIA PAVIMENTADA, NO MUNICÍPIO DE INSTALAÇÃO","UNXKM ",null,null,{"$f":"H92","v":4.0599999999999996}]
[null,"Sinapi Ser",73467,"CAMINHÃO TOCO, PBT 14.300 KG, CARGA ÚTIL MÁX. 9.710 KG, DIST. ENTRE EIXOS 3,56 M, POTÊNCIA 185 CV, INCLUSIVE CARROCERIA FIXA ABERTA DE MADEI  RA P/ TRANSPORTE GERAL DE CARGA SECA, DIMEN. APROX. 2,50 X 6,50 X 0,50  M - CHP DIURNO. AF_06/2014","CHP   ",2.00803212851406E-2,"167,23",{"$f":"ROUND(F90*G90,2)","v":3.36}]
[null,"Sinapi Ser",88316,"SERVENTE COM ENCARGOS COMPLEMENTARES                                                                                                                                                                    ","H     ",4.0160642570281103E-2,"17,36",{"$f":"ROUND(F91*G91,2)","v":0.7}]
[null,null,"01.04.02","Custo Direto Total",null,null,null,{"$f":"SUM(H90:H91)","v":4.0599999999999996}]
[]
["01.04.03",null,"CPU0015","TRANSPORTE COMERCIAL COM CAMINHAO CARROCERIA 9 T, RODOVIA EM LEITO NATURAL, NO MUNICÍPIO DE INSTALAÇÃO","UNXKM ",null,null,{"$f":"H97","v":6.09}]
[null,"Sinapi Ser",73467,"CAMINHÃO TOCO, PBT 14.300 KG, CARGA ÚTIL MÁX. 9.710 KG, DIST. ENTRE EIXOS 3,56 M, POTÊNCIA 185 CV, INCLUSIVE CARROCERIA FIXA ABERTA DE MADEI  RA P/ TRANSPORTE GERAL DE CARGA SECA, DIMEN. APROX. 2,50 X 6,50 X 0,50  M - CHP DIURNO. AF_06/2014","CHP   ",3.0120481927710802E-2,"167,23",{"$f":"ROUND(F95*G95,2)","v":5.04}]
[null,"Sinapi Ser",88316,"SERVENTE COM ENCARGOS COMPLEMENTARES                                                                                                                                                                    ","H     ",6.02409638554217E-2,"17,36",{"$f":"ROUND(F96*G96,2)","v":1.05}]
[null,null,"01.04.03","Custo Direto Total",null,null,null,{"$f":"SUM(H95:H96)","v":6.09}]

{"sheet":"Cronograma Físico-Financeiro","index":4,"n_rows":18,"n_cols":11,"rows_kept":18,"cut":false,"hidden":false,"merged":[[7,0,7,10]]}
[null,null,"MINISTÉRIO DO DESENVOLVIMENTO REGIONAL - MDR"]
[null,null,"COMPANHIA DE DESENVOLVIMENTO DOS VALES DO SÃO FRANCISCO E DO PARNAÍBA"]
[null,null,"ÁREA DE REVITALIZAÇÃO E SUSTENTABILIDADE SOCIOAMBIENTAL"]
[]
[]
["OBJETO:","TRANSPORTE E INSTALAÇÃO DE CISTERNAS PARA CAPTAÇÃO DA ÁGUA DA CHUVA – PARAÍBA"]
[]
["CRONOGRAMA FÍSICO-FINANCEIRO"]
[]
["ITEM","ESPECIFICAÇÃO DOS SERVIÇOS","VALOR TOTAL (R$)","Mês 01","Mês 02","Mês 03","Mês 04","Mês 05","Mês 06","Mês 07","Total"]
["01.01",{"$f":"'CISTERNAS PB'!B14","v":"SERVIÇOS PRELIMINARES E CANTEIRO DE OBRAS"},{"$f":"'CISTERNAS PB'!J14","v":487839.30000000005},{"$f":"C11/7","v":69691.328571428574},{"$f":"D11","v":69691.328571428574},{"$f":"E11","v":69691.328571428574},{"$f":"F11","v":69691.328571428574},{"$f":"G11","v":69691.328571428574},{"$f":"H11","v":69691.328571428574},{"$f":"C11-SUM(D11:I11)","v":69691.328571428661},{"$f":"SUM(D11:J11)","v":487839.30000000005}]
["01.02",{"$f":"'CISTERNAS PB'!B20","v":"INSTALAÇÃO DAS CISTERNAS"},{"$f":"'CISTERNAS PB'!J20","v":1839105.56},{"$f":"C12/6/2","v":153258.79666666666},{"$f":"C12/6","v":306517.59333333332},{"$f":"E12","v":306517.59333333332},306517.59333333332,306517.59333333332,306517.59333333332,153258.79666666687,1839105.56]
["01.03",{"$f":"'CISTERNAS PB'!B27","v":"SERVIÇOS COMPLEMENTARES                                                                                                                                                                                 "},{"$f":"'CISTERNAS PB'!J27","v":1650224},{"$f":"C13/6/2","v":137518.66666666666},{"$f":"C13/6","v":275037.33333333331},275037.33333333331,275037.33333333331,275037.33333333331,275037.33333333331,137518.66666666698,1650224]
["01.04",{"$f":"'CISTERNAS PB'!B34","v":"TRANSPORTE DAS CISTERNAS                                                                                                                                                                                "},{"$f":"'CISTERNAS PB'!J34","v":200628.9},{"$f":"C14/6/2","v":16719.075000000001},{"$f":"C14/6","v":33438.15},33438.15,33438.15,33438.15,33438.15,16719.075000000012,200628.9]
["02.01",{"$f":"'CISTERNAS PB'!B41","v":"MATERIAIS PARA INSTALAÇÃO DAS CISTERNAS"},{"$f":"'CISTERNAS PB'!J41","v":16998300},{"$f":"C15/6/2","v":1416525},{"$f":"C15/6","v":2833050},2833050,2833050,2833050,2833050,1416525,16998300]
["02.02",{"$f":"'CISTERNAS PB'!B44","v":"MATERIAIS PARA INSTALAÇÃO DAS CISTERNAS (SERVIÇOS COMPLEMENTARES)"},{"$f":"'CISTERNAS PB'!J44","v":1802989.2400000002},{"$f":"C16/6/2","v":150249.10333333336},{"$f":"C16/6","v":300498.20666666672},300498.20666666672,300498.20666666672,300498.20666666672,300498.20666666672,150249.10333333304,1802989.2400000002]
[null,"VALOR TOTAL DA PLANILHA",{"$f":"SUM(C11:C16)","v":22979087},1943961.9702380951,3818232.6119047618,3818232.6119047618,3818232.6119047618,3818232.6119047618,3818232.6119047618,1943961.9702380956,22979087.000000004]
[null,"PERCENTUAL EXECUTADO",{"$f":"C17/C17","v":1},{"$f":"D17/$C$17","v":8.4597006410136968E-2},0.16616119743594521,0.16616119743594521,0.16616119743594521,0.16616119743594521,0.16616119743594521,8.4597006410136996E-2,0.99999999999999989]